000 00482nmm a2200169Ia 4500
008 251105s9999||||xx |||||||||||||||||und||
020 _a9788499214023
041 _aspa
100 _aIsabel La Moneda, Diego
245 0 _aYo soy tú : propuesta para una nueva sociedad
264 _a[Madrid, España] :
_bOctaedro,
_c2013
300 _a245 páginas
490 _aCon vivencias
650 _aSociology
856 _uhttps://public.digitaliapublishing.com/a/30515
942 _cCF
999 _c92506
_d92506